How Well Do You Know Your Boy bands? - Statistics

General Stats
  • This quiz has been taken 71 times
  • The average score is 8 of 14
Answer Stats
Hint Answer % Correct
Harry, Liam, Niall, Louis, Zayn One Direction
98%
Kevin, Joe, Nick Jonas Brothers
87%
AJ, Nick,Howie, Kevin, Brian Backstreet Boys
82%
Justin, Chris, Joey, JC, Lance NSync
82%
Jin, Suga, J Hope, RM, Jimin, V, Jungkook BTS
76%
Donnie, Danny, Joey, Jordan, Jonathan New Kids On The Block
65%
Issac, Taylor, Zac Hanson
56%
Nicky, Shane, Mark, Kian, Brian Westlife
55%
Nick, Justin, Jeff, Drew 98 Degrees
50%
Keith, Mikey, Ronan, Stephen, Shane Boyzone
50%
Kendall, Logan, James, Carlos Big Time Rush
44%
Max, Siva, Jay, Tom, Nathan The Wanted
35%
Jacob, Ashley, Erik, Trevor, Dan O-Town
29%
Devin, Brad, Rich LFO
27%
No matching quizzes found
Score Distribution
Percent of People with Each Score
Percentile by Number Answered
Your Score History
You have not taken this quiz